000 00707nam a2200217Ii 4500
003 JO-AjNU
008 230605s9999||||xx |||||||||||||| ||und||
017 _a2004/8/2529
040 _aJO-AjNU
_bara
_erda
_cJO-AjNU
041 _aara
050 1 4 _aJQ1825.J6.Z826 2005
100 3 _aالزعبي، مخلد إبراهيم,
_eauthor
_946441
245 0 0 _aحقوق المواطن
250 _aط1 / الاصدار الاول
264 3 1 _aعمان: دار الثقافة للنشر والتوزيع، 2005
300 _a550ص
336 _atext
_btxt
_2rdacontent
337 _aunmediated
_bn
_2rdamedia
338 _avolume
_bnc
_2rdacarrier
650 4 _aحقوق الانسان - الاردن
_946442
999 _aA20203
_c23771
_d23771